Statystyki dla NAJPOPULARNIEJSZE DRINKI NA GORĄCE DNI

Kliknij tutaj aby rozwiązać quiz!

Ogólne statystyki

  • Ten quiz został rozwiązany 14 razy
  • Średni wynik to 2 z 5

Statystyki odpowiedzi

Odpowiedź% Poprawnych
MOJITO
89%
SEX ON THE BEACH
56%
PINA COLADA
33%
TEQUILA SUNRISE
33%
MARGARITA
22%

Rozkład punktacji

Percentyl według liczby udzielonych odpowiedzi

Procent ludzi z każdym wynikiem

Twoja historia wyników

Nie rozwiązałeś tego quizu